| 000 | 00803cam a2200229 4500 | ||
|---|---|---|---|
| 008 | 000000n2000 000 0 eng u | ||
| 020 | _a1902375505 | ||
| 035 | _a(Sirsi) u103520 | ||
| 050 | _a333.332 | ||
| 100 | _aJenkins, David | ||
| 245 | _aResidential valuation theory and practice. | ||
| 260 |
_aWitney _bChandos Publishing _c2000 |
||
| 300 |
_axvii,111p. _c28cm. |
||
| 350 | _a59.95 | ||
| 520 | _aA comprehensive guide to residential valuations, covering both traditional and modern methods and techniques. The book was reprinted by Estates Gazette in 2002 (ISBN 0728203928). | ||
| 650 | _aVALUATIONS | ||
| 650 |
_aRESIDENTIAL PROPERTY _96266 |
||
| 650 | _aMORTGAGE VALUATIONS | ||
| 650 | _aPUBLIC SECTOR HOUSING | ||
| 690 | _aPROPERTY-PROPERTY APPRAISAL AND VALUATION | ||
| 942 | _n0 | ||
| 999 |
_c100138 _d100138 |
||